000 00814nam a2200205Ia 4500
005 20241216011456.0
008 190429s9999||||xx |||||||||||||| ||und||
082 _a658
_bC22
100 _aCAMPOS CASTRO FLORENCIA FELIPA, CASTILLO SALAS MARIA MELVA
245 0 _aPLANES ESTRATEGICOS Y LA TRANSFERENCIA DE OBRAS PUBLICAS EJECUTADAS POR ADMINISTRACION DIRECTA EN EL GOBIERNO REGIONAL DE PASCO 2007
250 _a0
260 _aCERRO DE PASCO-PERU
_bUNDAC
_c2009
300 _a57 pag.
_c30 cm.
341 _h0
490 _v0
_a0
505 _aPLANTEAMIENTO DEL PROBLEMA DE INVESTIGACION, MARCO TEORICO Y CONCEPTUAL,METODOLOGIA Y TECNICAS DE IVESTIGACION,ANALISIS E INTERPRETACION DE RESULTADOS OBTENIDOS.
541 _aD
_bCAMPOS CASTRO FLORENCIA
_d09-May-16
_oSoles
650 _aContabilidad
942 _cTESIS
999 _c42913
_d42913